|
|
|
|
| LEADER |
00859nam a2200265 4500 |
| 001 |
721 |
| 003 |
BD-DhAAL |
| 005 |
20150827100247.0 |
| 008 |
150827s1971 bg ab b 001 0 eng |
| 010 |
|
|
|a 72907279
|
| 040 |
|
|
|a DLC
|c DLC
|d DLC
|d BD-DhAAL
|
| 050 |
0 |
0 |
|a GN635.B33
|b S27
|
| 082 |
0 |
0 |
|a 301.29/549/2
|
| 100 |
1 |
|
|a Sattar, Abdus,
|d 1949-
|9 14191
|
| 245 |
1 |
0 |
|a In the sylvan shadows.
|
| 260 |
|
|
|a Dacca,
|b Saquib Bros.,
|c 1971
|
| 300 |
|
|
|a xii, 523 p.
|b illus., maps.
|c 23 cm.
|
| 350 |
|
|
|a Tk20.00
|
| 504 |
|
|
|a Bibliography: p. [327]-335.
|
| 541 |
|
|
|e 721
|
| 650 |
|
0 |
|a Ethnology
|z Bangladesh.
|9 14192
|
| 651 |
|
0 |
|a Bangladesh
|x Social life and customs.
|9 6661
|
| 942 |
|
|
|2 ddc
|c BK
|
| 999 |
|
|
|c 35359
|d 35359
|
| 952 |
|
|
|0 0
|1 0
|2 ddc
|4 0
|6 301_295492000000000_SAT
|7 0
|9 55585
|a SCL
|b SCL
|c GEN
|d 2015-08-27
|g 70.00
|l 0
|o 301.295492 SAT
|p 3020000721
|r 2015-08-27
|t 1
|w 2015-08-27
|y BK
|